Phương pháp nuôi lươn
Hướng dẫn cách nuôi lươn: tìm hiểu tập tính của lươn, sự sinh sản của lươn, phương pháp nuôi lươn thịt, phòng và trị bệnh cho lươn,...
Sparad:
| Huvudupphovsman: | |
|---|---|
| Materialtyp: | Bok |
| Språk: | Undetermined |
| Publicerad: |
Thanh Hóa
Nxb. Thanh Hóa
2015
|
| Ämnen: | |
| Taggar: |
Lägg till en tagg
Inga taggar, Lägg till första taggen!
|
| Thư viện lưu trữ: | Trung tâm Học liệu Trường Đại học Cần Thơ |
|---|
| LEADER | 00808nam a2200205Ia 4500 | ||
|---|---|---|---|
| 001 | CTU_207345 | ||
| 008 | 210402s9999 xx 000 0 und d | ||
| 020 | |c 28000 | ||
| 082 | |a 639.37 | ||
| 082 | |b V308 | ||
| 100 | |a Việt Chương | ||
| 245 | 0 | |a Phương pháp nuôi lươn | |
| 245 | 0 | |c Việt Chương, Nguyễn Việt Thái | |
| 260 | |a Thanh Hóa | ||
| 260 | |b Nxb. Thanh Hóa | ||
| 260 | |c 2015 | ||
| 520 | |a Hướng dẫn cách nuôi lươn: tìm hiểu tập tính của lươn, sự sinh sản của lươn, phương pháp nuôi lươn thịt, phòng và trị bệnh cho lươn,... | ||
| 650 | |a Amphibian culture,Nuôi động vật lưỡng cư | ||
| 904 | |i Hải | ||
| 980 | |a Trung tâm Học liệu Trường Đại học Cần Thơ | ||